|
|
|
|
| LEADER |
00619cam a2200181 7i4500 |
| 001 |
0000006390 |
| 005 |
19991025090000.0 |
| 002 |
##000008076 |
| 020 |
0 |
0 |
|a 967-9909-40-9
|
| 090 |
0 |
0 |
|a M 621.31937
|b PER
|
| 245 |
0 |
0 |
|a Perusahaan membuat penebat porselin untuk barangan elektrik =
|l porcelain insulators for electrical appliances.
|
| 260 |
0 |
0 |
|a Kuala Lumpur:
|b Bank Pembangunan Malaysia,
|c 1996.
|
| 300 |
0 |
0 |
|a 45p..
|
| 440 |
0 |
0 |
|a Siri PP No.10
|
| 650 |
0 |
0 |
|a Porcelain insulators --
|z Malaysia
|
| 650 |
0 |
0 |
|a Electrical appliances --
|z Malaysia
|
| 651 |
0 |
0 |
|a Malaysia
|
| 999 |
|
|
|a 0000009461
|b Book
|c Open shelf
|e Business Information Centre
|